000 01127nam a2200361Ia 4500
003 OSt
005 20220912144344.0
006 a|||||r|||| 00| 0
007 ta
008 220909b |||||||| |||| 00| 0 eng d
020 _a9780123850485 (hbk)
020 _aSL01537919
024 _a181180
037 _b1024, 30/03/2012, Total Books India
037 _cTextual
040 _aCSL
_beng
_cCSL
041 _aeng
082 _aB2811, Q3
100 _aAster Richard C; Borchers Brian; Thurber Clifford H
245 0 _aParameter estimation and inverse problems
250 _a2
260 _aAmsterdam
_bElsevier
_c2013
300 _ax; 360p. `
500 _aInclude bibliographical references; Index 355-360p.
650 _a Inverse problems
650 _a Mathematics
650 _a Parameter estimation
650 _aStatistics
700 _a Thurber Clifford H
700 _aAster Richard C; Borchers Brian; Thurber Clifford H
942 _hB2811, Q3
_cTEXL
_2CC
999 _c5897
_d5897